000 00425nam a22001577a 4500
020 _a034015179X
082 _a669.02462
_bHIG
_cD.
100 _a|Higgins R.A
_944938
245 _aengineering metallurgy
_cR. A Higgins
250 _a2nd ed.
260 _aLondon :
_bThe English university
300 _axii, 467 p, :
_bill,
_c18 cm.
526 _a0
_b0
_c0
_d669_024620000000000_HIG
650 _aMCE
_9379
942 _2ddc
_cBK
999 _c548586
_d548586